Gares sur la ligne de Rouen à Dieppe - Statistiques

Statistiques générales
  • Ce quiz a été pris 59 fois
  • Le résultat moyen est 7 sur 10
Statistiques - réponses
Gare % Correct
Dieppe
89%
Rouen-Rive-Droite
75%
Auffay
73%
Clères
70%
Maromme
68%
Montville
68%
Saint-Aubin-sur-Scie
64%
Longueville-sur-Scie
57%
Malaunay-le-Houlme
55%
Saint-Victor-l'Abbaye
45%
Aucun quiz correspondant
Distribution des résultats
% des personnes avec chaque résultat
Percentile par nombre de réponses
Votre historique - résultats
Vous n’avez pas pris ce quiz